Virtuálna a rozšírená realita pri projektovaní a výstavbe elektrických inštalácií

Uložené v:
Podrobná bibliografia
Hlavný autor: Scheer, Michal (Autor)
Ďalší autori: Janiga, Peter (Vedúci práce)
Médium: Rukopis Kniha
Jazyk:Slovak
Vydavateľské údaje: 2025
Predmet:
On-line prístup:http://is.stuba.sk/zp/portal_zp.pl?podrobnosti=184557
Tagy: Pridať tag
Žiadne tagy, Buďte prvý, kto otaguje tento záznam!

MARC

LEADER 00000ntm a22000003a 4500
001 stuzp99052
003 SK-STU
005 20250614210622.0
007 ta
008 150427s2015----xo-----f-mn---000-0-slo-d
040 |a STU  |b slo 
041 0 |a slo 
100 1 |a Scheer, Michal  |u 032000  |4 aut  |U FEI Fakulta elektrotechniky a informatiky  |T FEI Ústav elektroenergetiky a aplikovanej elektrotechniky  |X 111056  |U E020  |Y 548  |7 111056 
242 0 1 |a Virtual Reality and Augmented Reality for Design and Building of Electrical Installations  |y eng 
245 1 0 |a Virtuálna a rozšírená realita pri projektovaní a výstavbe elektrických inštalácií 
260 |c 2025 
650 4 |a Cabinet AR  |2 eng 
650 4 |a Bimefy  |2 eng 
650 4 |a BIMXplorer  |2 eng 
650 4 |a BIM  |2 eng 
650 4 |a Augmented reality  |2 eng 
650 4 |a Arkio  |2 eng 
650 4 |a HOLOFIL  |2 eng 
650 4 |a Virtual reality  |2 eng 
650 4 |a Augment  |2 eng 
650 4 |a Cabinet AR  |2 slo 
650 4 |a Bimefy  |2 slo 
650 4 |a BIMXplorer  |2 slo 
650 4 |a HOLOFIL  |2 slo 
650 4 |a BIM  |2 slo 
650 4 |a Rozšírená realita  |2 slo 
650 4 |a Virtuálna realita  |2 slo 
650 4 |a Arkio  |2 slo 
650 4 |a Augment  |2 slo 
700 1 |a Janiga, Peter  |u 032000  |k Z1  |4 ths  |U FEI Fakulta elektrotechniky a informatiky  |T FEI Ústav elektroenergetiky a aplikovanej elektrotechniky  |X 24468  |U E020  |Y 548  |7 A000024468 
856 4 |u http://is.stuba.sk/zp/portal_zp.pl?podrobnosti=184557